| 000 | 00386nam a2200133 4500 | ||
|---|---|---|---|
| 008 | 230704b xxu||||| |||| 00| 0 eng d | ||
| 082 |
_a340.690 _bJAL |
||
| 100 | _cJournal of African Law | ||
| 245 |
_aJournal of African Law _bVolume 45 Number 1 |
||
| 260 |
_aCambridge university Press _bJournal of African Law _c2001 |
||
| 300 | _a269p | ||
| 440 |
_n1 _v45 _x02218553 |
||
| 942 |
_2ddc _cBK |
||
| 999 |
_c3601 _d3601 |
||